|
|
|
|
| LEADER |
01735nam a22004334a 4500 |
| 001 |
EBC459817 |
| 003 |
MiAaPQ |
| 005 |
20200520144314.0 |
| 006 |
m o d | |
| 007 |
cr cn||||||||| |
| 008 |
070620s2008 dcua sb i001 0 eng |
| 010 |
|
|
|z 2007025942
|
| 020 |
|
|
|z 9780821368268
|
| 020 |
|
|
|a 9780821368275 (electronic bk.)
|
| 035 |
|
|
|a (MiAaPQ)EBC459817
|
| 035 |
|
|
|a (Au-PeEL)EBL459817
|
| 035 |
|
|
|a (CaPaEBR)ebr10202648
|
| 035 |
|
|
|a (CaONFJC)MIL111317
|
| 035 |
|
|
|a (OCoLC)290501749
|
| 040 |
|
|
|a MiAaPQ
|c MiAaPQ
|d MiAaPQ
|
| 043 |
|
|
|a d------
|a f------
|a cl-----
|
| 050 |
|
4 |
|a HJ1620
|b .P826 2008
|
| 082 |
0 |
4 |
|a 339.4/6091724
|2 22
|
| 245 |
0 |
0 |
|a Public finance for poverty reduction
|h [electronic resource] :
|b concepts and case studies from Africa and Latin America /
|c edited by Blanca Moreno-Dodson, Quentin Wodon.
|
| 260 |
|
|
|a Washington DC :
|b World Bank,
|c c2008.
|
| 300 |
|
|
|a xxvi, 474 p. :
|b ill.
|
| 490 |
0 |
|
|a Directions in development. Poverty
|
| 504 |
|
|
|a Includes bibliographical references and index.
|
| 533 |
|
|
|a Electronic reproduction. Ann Arbor, MI : ProQuest, 2015. Available via World Wide Web. Access may be limited to ProQuest affiliated libraries.
|
| 650 |
|
0 |
|a Finance, Public
|z Developing countries.
|
| 650 |
|
0 |
|a Poverty
|x Government policy
|z Africa
|v Case studies.
|
| 650 |
|
0 |
|a Poverty
|x Government policy
|z Latin America
|v Case studies.
|
| 651 |
|
0 |
|a Africa
|x Social policy
|v Case studies.
|
| 651 |
|
0 |
|a Latin America
|x Social policy
|v Case studies.
|
| 655 |
|
4 |
|a Electronic books.
|
| 700 |
1 |
|
|a Moreno-Dodson, Blanca.
|
| 700 |
1 |
|
|a Wodon, Quentin.
|
| 710 |
2 |
|
|a ProQuest (Firm)
|
| 856 |
4 |
0 |
|u https://ebookcentral.proquest.com/lib/matrademy/detail.action?docID=459817
|z Click to View
|